00494nam a22001337a 4500003001700000005001700017008004100034020001500075040002100090050002100111245013800132260006700270300002300337ALUPE UNIVERSITY20220210063249.0220210b ||||| |||| 00| 0 eng d a9966900535 cALUPE UNIVERSITY aHB71b.A33 1995  aAddressing Gender Bias: Graduate Training in EconomicsbReport of the 1994 AERC Workshop on Women and Graduate Training in Economics. aNairobi Kenya.bAfrican Economic Research Consortium. cc1995. a(viii, 179p)c25cm